Ca roule ma poule ? - Statistiques

Statistiques générales
  • Ce quiz a été pris 134 fois
    113 depuis la dernière actualisation
  • Le résultat moyen est 9 sur 25
Statistiques - réponses
Autour de la poule Réponses % Correct
Personne craintive, dégonflée, manquant de confiance Poule mouillée
95%
Cavité dans la chaussée qui se crée lorsque le revêtement routier s'effrite Nid-de-poule
84%
Très proche de ses enfants, très protecteur, très attentionné Maman poule, Papa poule, Mère poule
82%
Expression signifiant "ça marche" ou "On y va " Roule ma poule
80%
Se dit de quelque chose d'impossible, qui ne risque pas d'arriver : "Quand .........." Quand les poules auront des dents
75%
Bouche dont les lèvres forment un cercle du fait que les commissures sont relativement rapprochées En cul de poule
70%
Frissonner de froid jusqu'à faire ressortir les bulbes des poils de la peau Avoir la chair de poule
64%
Film d'animation de 2000 relatant les tentatives d'évasion d'une bande de poules Chicken run
49%
Boisson revigorante à base de lait, de crème, de sucre et de jaune d'œuf Lait de poule
47%
Espèce d'oiseau appelée gallinule, fréquente dans les étangs et les mares Poule d'eau
43%
Quelle comptine raconte l'histoire d'une poule qui aime picorer du pain ? Une poule sur un mur
38%
Fable de Jean de La Fontaine : "La poule ................ " Aux oeufs d'or
33%
Qui a dit : « Je veux que chaque laboureur de mon royaume puisse mettre la poule au pot le dimanche. » Henri IV ou 4
32%
Aller au lit de bonne heure : " Se ............. " Se coucher comme les poules ( ou avec, ou à l'heure )
29%
Textile d'habillement représentant des motifs de tissu à armure factice Pied de poule
27%
Autre nom de la sauce blanche ou d'une sauce vinaigrée aux œufs durs. Sauce poulette
27%
Combien de jours dure la couvaison d'une poule ? 21
24%
Femme qui se fait entretenir, prostituée travaillant uniquement pour les hommes fortunés. Poule de luxe ou Cocotte
22%
Quel terme désigne l'élevage d'oiseaux ou de volaille ? Aviculture
8%
De qui est le tableau Variante de la Tristesse (1957) sur lequel figure un œuf à la coque, une poule et un œuf ? René Magritte
6%
Dame d'honneur de Belle Marianne dans Robin des Bois ( Disney ) Dame Gertrude
3%
En 2007, qui chante : "Fais la poule " ? (" Incroyable Talent ") Sébasto
2%
Race de poule pondeuse le plus souvent de couleur blanche, la plus répandue dans le monde. Leghorn
1%
Quine, loto ou rifle suivant la région Poule au gibier
1%
Poule que l’on met à couver ( terme employé dans le Sud Ouest ) Clouque
0%
Aucun quiz correspondant
Distribution des résultats
% des personnes avec chaque résultat
Percentile par nombre de réponses
Votre historique - résultats
Vous n’avez pas pris ce quiz depuis la dernière actualisation